Normal view
MARC view
Entry Corporate Name
001 - CONTROL NUMBER
- control field: 21408
003 - CONTROL NUMBER IDENTIFIER
- control field: ARRUPE
005 - DATE AND TIME OF LATEST TRANSACTION
- control field: 20151218092047.0
008 - FIXED-LENGTH DATA ELEMENTS
- fixed length control field: 151218|| aca||aabn | a|a d
040 ## - CATALOGING SOURCE
- Original cataloging agency: ARRUPE
- Transcribing agency: ARRUPE
110 ## - HEADING--CORPORATE NAME
- Corporate name or jurisdiction name as entry element: Catholic Church
- General subdivision: Education (Higher)
- Geographic subdivision: United States.
670 ## - SOURCE DATA FOUND
- Source citation: Work cat.: (ARRUPE)0: Morey, Melanie M. 21407, Catholic higher education :, 2006.